Statistics for 4 Lettered Countries, Capitals, US States And US State Capitals

Click here to take the quiz!

General Stats

  • This quiz has been taken 66 times
  • The average score is 19 of 27

Answer Stats

Answer% Correct
Utah
91%
Mali
89%
Ohio
89%
Peru
89%
Fiji
87%
Chad
85%
Iran
83%
Iraq
83%
Lima
80%
Laos
80%
Oman
78%
Togo
78%
Iowa
76%
Rome
72%
Cuba
70%
Lome
67%
Suva
67%
Riga
65%
Bern
63%
Doha
63%
Baku
61%
Apia
57%
Male
57%
Oslo
57%
Kiev
54%
Dili
50%
Juba
43%

Score Distribution

Percentile by Number Answered

Percent of People with Each Score

Your Score History

You have not taken this quiz